000
00271nam a22001217a 4500
005
20250821100311.0
008
250821b |||||||| |||| 00| 0 eng d
082
_a
005
_b
SUE-E
100
_a
Dr. Sue Morter
245
_a
Energy Codes
650
_a
Other Books
999
_c
37060
_d
37060